000 00424nam a2200181Ia 4500
005 20250508150614.0
008 008 250505s9999 xx 000 0 eng d
037 _aBooks to be hide in OPAC
040 _aFEDL
_beng
_cFEDL
041 _aeng
_2eng
084 _qFEDL
245 0 _aDewey decimal classification
250 _a14th
260 _c1942
300 _a1927p.
942 _cHB
999 _c1324537
_d1324537